00613nam a22001937a 45000050016000000100030000160200026000460350028000720370013001000370019001130820011001321000023001432450057001662600028002232700064002513000034003155200067003497000003004162011111404344.0 aENG-104091 B-463003-3017 a9789380658681c250.00 aEN-87624 B-463003-3017 bDBAD/PUB bAllied Pub/Ven a230.31 aPattanaik, Devdutt aSeven (7) secrets of Vishnu /cby Devdutt Pattanaik aChennaibWestlandc2011 aVenkat Towers, 165, P.H. Road, MaduravoyalbChennaie600095 axi,217p. :c24cm (pbk)bill.  aShort stories, poems, and articles on terrorism in South Asia.